000 00459nam a2200181Ia 4500
008 090124s9999 xx 000 0 und d
082 _b7316
_a618
100 _aजिब्रान खलिल
245 _a सलमा
250 _a1
260 _c1949
300 _a108
600 _aजिब्रान खलिल
630 _a सलमा
700 _aजिब्रान खलिल
730 _a सलमा
942 _cBOOK
999 _c121257
_d121257